[Event "Charlesbourg Olympiade"]
[Site "Charlesbourg"]
[Date "2011.10.31"]
[Round "4"]
[White "Fecteau, Martin"]
[Black "Fortier, Bertrand"]
[Result "1-0"]
[WhiteElo "2026"]
[BlackElo "1753"]
[PlyCount "133"]
[EventDate "2011.10.10"]
[EventType "swiss"]
[EventRounds "6"]
[EventCountry "CAN"]
[SourceTitle "EXT 2022"]
[Source "ChessBase"]
[SourceDate "2021.10.06"]
[SourceVersion "1"]
[SourceVersionDate "2021.10.06"]
[SourceQuality "1"]

1. d4 Nf6 2. c4 e6 3. Nf3 d5 4. e3 c5 5. Nc3 Nc6 6. Be2 a6 7. cxd5 exd5 8. 0-0 cxd4 9. exd4 Bd6 10. Bg5 Be6 11. Re1 0-0 12. h3 Be7 13. Bd3 Rc8 14. a3 Nd7 15. Bxe7 Nxe7 16. Ng5 Ng6 17. Nxe6 fxe6 18. Bxg6 hxg6 19. Rxe6 Qh4 20. Qe2 Nf6 21. Qe3 Rc4 22. Rd1 Qh5 23. f3 Qf5 24. Re7 Qc2 25. Rd2 Qc1+ 26. Kh2 Rcc8 27. Re2 Qa1 28. Qe6+ Kh7 29. Qe3 Rce8 30. Qd2 Ne4 31. fxe4 Rxe7 32. Nxd5 Ref7 33. Ne3 Qb1 34. Ng4 Qf1 35. d5 Rd8 36. Rf2 Rxf2 37. Qxf2 Qxf2 38. Nxf2 Kg8 39. Kg3 Kf7 40. Kf4 Rc8 41. Nd3 Rc2 42. g3 Rd2 43. Ke3 Rd1 44. e5 Ke7 45. Ke4 b6 46. d6+ Kd7 47. b4 Rd2 48. Ke3 Rg2 49. Kf3 Rc2 50. Ke3 a5 51. Kd4 Rd2 52. Kc4 Ke6 53. Kd4 Kd7 54. Ke4 Re2+ 55. Kd5 Rd2 56. e6+ Kd8 57. Kd4 Rd1 58. Ke3 Rb1 59. Ne5 Re1+ 60. Kf4 Rf1+ 61. Ke4 Re1+ 62. Kd5 Rd1+ 63. Kc6 Ke8 64. Nf7 Rc1+ 65. Kxb6 Rd1 66. d7+ Ke7 67. d8Q+ 1-0

[Event "Charlesbourg Zukertort"]
[Site "Charlesbourg"]
[Date "2011.05.23"]
[Round "4"]
[White "Lessard, Claude"]
[Black "Fortier, Bertrand"]
[Result "1-0"]
[WhiteElo "2094"]
[BlackElo "1747"]
[PlyCount "99"]
[EventDate "2011.04.25"]
[EventType "swiss"]
[EventRounds "5"]
[EventCountry "CAN"]
[SourceTitle "EXT 2022"]
[Source "ChessBase"]
[SourceDate "2021.10.06"]
[SourceVersion "1"]
[SourceVersionDate "2021.10.06"]
[SourceQuality "1"]

1. d4 Nf6 2. Nf3 c5 3. dxc5 Nc6 4. Nbd2 e5 5. Nb3 Bxc5 6. Nxc5 Qa5+ 7. Bd2 Qxc5 8. a3 d5 9. b4 Qb6 10. e3 Bg4 11. h3 Bxf3 12. gxf3 e4 13. Bc3 d4 14. Bxd4 Nxd4 15. Qxd4 Qxd4 16. exd4 0-0 17. 0-0-0 exf3 18. Bd3 Rac8 19. Kb2 Rc7 20. Rhe1 g6 21. c4 b5 22. c5 a5 23. Bxb5 axb4 24. a4 Nd5 25. Kb3 Rd8 26. Rd3 Ne7 27. Kxb4 Rb7 28. Kc4 Rc7 29. d5 Nf5 30. Re8+ Rxe8 31. Bxe8 Nd6+ 32. Kb4 Nxe8 33. d6 Rb7+ 34. Kc4 Rd7 35. Kb5 f5 36. Kc6 Nf6 37. Kb6 Ne4 38. a5 Kf7 39. a6 Ke6 40. Rxf3 g5 41. Re3 Kd5 42. c6 Rxd6 43. Rd3+ Ke6 44. Rxd6+ Nxd6 45. a7 Nc8+ 46. Kb7 Nd6+ 47. Kb8 Ke7 48. a8Q Kd8 49. c7+ Kd7 50. Qd5 1-0

[Event "Charlesbourg Capablanca"]
[Site "Charlesbourg"]
[Date "2011.01.24"]
[Round "4"]
[White "Fortier, Bertrand"]
[Black "Lessard, Claude"]
[Result "0-1"]
[WhiteElo "1776"]
[BlackElo "2062"]
[PlyCount "86"]
[EventDate "2011.01.03"]
[EventType "swiss"]
[EventRounds "5"]
[EventCountry "CAN"]
[SourceTitle "EXT 2022"]
[Source "ChessBase"]
[SourceDate "2021.10.06"]
[SourceVersion "1"]
[SourceVersionDate "2021.10.06"]
[SourceQuality "1"]

1. e4 c5 2. Nf3 d6 3. Bc4 Nf6 4. d3 a6 5. a4 e6 6. Ba2 b5 7. axb5 axb5 8. Bg5 Be7 9. Nbd2 Nbd7 10. 0-0 0-0 11. c3 Bb7 12. Qe2 h6 13. Bh4 Ne8 14. Bxe7 Qxe7 15. Bb3 Nc7 16. d4 e5 17. Bc2 Rfb8 18. Nb3 Ne6 19. d5 Nf4 20. Qe3 Nb6 21. Nfd2 Na4 22. g3 Nh3+ 23. Kg2 Bc8 24. f4 f6 25. Nf3 exf4 26. gxf4 Nxb2 27. Nbd2 Nc4 28. Nxc4 bxc4 29. Rxa8 Rxa8 30. e5 Ra2 31. e6 Nxf4+ 32. Qxf4 Rxc2+ 33. Rf2 Rxc3 34. Nh4 Bb7 35. Qe4 Qe8 36. e7 Bc8 37. Re2 Rb3 38. Qg6 Qxg6+ 39. Nxg6 Bd7 40. Nh4 c3 41. e8Q+ Bxe8 42. Rxe8+ Kf7 43. Re2 Rb2 0-1

[Event "Quebec Montcalm op 3 2010-11"]
[Site "Quebec"]
[Date "2010.12.02"]
[Round "3"]
[White "Plante, Rejean"]
[Black "Fortier, Bertrand"]
[Result "1-0"]
[WhiteElo "1999"]
[BlackElo "1772"]
[PlyCount "63"]
[EventDate "2010.11.18"]
[EventType "swiss"]
[EventRounds "5"]
[EventCountry "CAN"]
[SourceTitle "EXT 2022"]
[Source "ChessBase"]
[SourceDate "2021.10.06"]
[SourceVersion "1"]
[SourceVersionDate "2021.10.06"]
[SourceQuality "1"]

1. e4 e6 2. Nf3 d5 3. Nc3 a6 4. d4 Bb4 5. e5 c5 6. a3 Bxc3+ 7. bxc3 Nc6 8. h4 f6 9. g3 fxe5 10. dxe5 Nge7 11. h5 Qa5 12. Bd2 Qc7 13. Bf4 Bd7 14. c4 0-0-0 15. cxd5 Nxd5 16. Bg5 Rdf8 17. c4 Nxe5 18. Nd2 Nc3 19. Qc2 Nf3+ 20. Nxf3 Rxf3 21. Bf4 Rxf4 22. gxf4 Qxf4 23. Rh3 Ne4 24. Re3 Ng5 25. Bg2 e5 26. 0-0-0 Be6 27. Bd5 Bxd5 28. Rxd5 b6 29. Rdxe5 Rf8 30. Kb1 Qg4 31. Rg3 Qd4 32. Rd5 1-0

[Event "Quebec Montcalm op 4th"]
[Site "Quebec"]
[Date "2009.02.05"]
[Round "4"]
[White "Fortier, Bertrand"]
[Black "Cournoyer, Dominic"]
[Result "0-1"]
[WhiteElo "1728"]
[BlackElo "1871"]
[PlyCount "65"]
[EventDate "2009.01.15"]
[EventType "swiss"]
[EventRounds "5"]
[EventCountry "CAN"]
[SourceTitle "EXT 2011"]
[Source "ChessBase"]
[SourceDate "2010.11.26"]
[SourceVersion "1"]
[SourceVersionDate "2010.11.26"]
[SourceQuality "1"]

1. Nf3 d5 2. d4 Nf6 3. g3 e6 4. Bg2 Bd6 5. c4 c6 6. cxd5 exd5 7. 0-0 0-0 8. Nc3 Bf5 9. Bg5 h6 10. Bxf6 Qxf6 11. Nh4 Bh7 12. e4 dxe4 13. Bxe4 Na6 14. Bxh7+ Kxh7 15. Ne4 Qe6 16. Qf3 Rad8 17. Rfe1 Qd5 18. Nf5 Bb4 19. Nf6+ gxf6 20. Qh5 Bd2 21. Re3 Bxe3 22. fxe3 Qxf5 23. Qxf5+ Kg7 24. Rf1 Rd6 25. Rf4 Nc7 26. e4 Re8 27. e5 Rde6 28. Qg4+ Kf8 29. Rxf6 Nd5 30. Rxh6 Rxh6 31. Qg5 Rg6 32. Qf5 Rd8 33. Qf2 0-1

[Event "Quebec Montcalm op 3rd"]
[Site "Quebec"]
[Date "2008.12.11"]
[Round "5"]
[White "Plante, Rejean"]
[Black "Fortier, Bertrand"]
[Result "1-0"]
[WhiteElo "2047"]
[BlackElo "1624"]
[PlyCount "113"]
[EventDate "2008.11.13"]
[EventType "swiss"]
[EventRounds "5"]
[EventCountry "CAN"]
[SourceTitle "EXT 2011"]
[Source "ChessBase"]
[SourceDate "2010.11.26"]
[SourceVersion "1"]
[SourceVersionDate "2010.11.26"]
[SourceQuality "1"]

1. c4 Nf6 2. Nc3 e6 3. Nf3 d5 4. d4 c5 5. dxc5 Bxc5 6. a3 a5 7. e3 Nc6 8. Na4 b6 9. cxd5 exd5 10. Bb5 Bd7 11. Nxc5 bxc5 12. 0-0 0-0 13. Qa4 Qb6 14. Rd1 Rab8 15. Bxc6 Bxc6 16. Qf4 Qb3 17. Bd2 a4 18. Bc3 Ne4 19. Nd2 Nxc3 20. bxc3 Qxc3 21. Rac1 Qxa3 22. Qd6 Ba8 23. Rxc5 Rb2 24. Rxd5 Qxd6 25. Rxd6 Rb4 26. Nb1 Be4 27. Nc3 Bc2 28. R1d2 Bb3 29. f3 Rc4 30. Nb5 Rc1+ 31. Kf2 Rc2 32. Rxc2 Bxc2 33. Nd4 Rc8 34. Ke1 Kf8 35. Rd7 Bb3 36. Kd2 Ke8 37. Rb7 Rd8 38. Kc3 Rc8+ 39. Kd3 Rd8 40. h4 h5 41. e4 g6 42. Ke3 Rc8 43. Kf4 Rc3 44. g4 Rd3 45. gxh5 gxh5 46. Nxb3 Rxb3 47. Ra7 a3 48. e5 Rc3 49. Ke4 Rc4+ 50. Kf5 Rxh4 51. Rxa3 Ke7 52. Ra7+ Kf8 53. Kg5 Rh3 54. f4 Rf3 55. f5 Re3 56. Kf6 Ke8 57. Re7+ 1-0

[Event "Quebec Montcalm 3 2007-08"]
[Site "Quebec"]
[Date "2007.11.23"]
[Round "2"]
[White "Fortier, Bertrand"]
[Black "Cournoyer, Dominic"]
[Result "0-1"]
[WhiteElo "1583"]
[BlackElo "1931"]
[PlyCount "106"]
[EventDate "2007.11.15"]
[EventType "swiss"]
[EventRounds "5"]
[EventCountry "CAN"]
[SourceTitle "EXT 2022"]
[Source "ChessBase"]
[SourceDate "2021.10.06"]
[SourceVersion "1"]
[SourceVersionDate "2021.10.06"]
[SourceQuality "1"]

1. e4 d5 2. exd5 Nf6 3. d4 Nxd5 4. c4 Nb6 5. Nc3 g6 6. Nf3 Bg7 7. Be3 0-0 8. Be2 Nc6 9. h3 e5 10. d5 Ne7 11. Qd2 Nf5 12. Bc5 Re8 13. 0-0 Nd6 14. Bxd6 cxd6 15. Rad1 Nd7 16. Ne4 Nf6 17. Nxf6+ Qxf6 18. Qg5 Qxg5 19. Nxg5 e4 20. f3 exf3 21. Bxf3 Bxb2 22. Ne4 Be5 23. Rfe1 Bf5 24. Rb1 b6 25. Rbc1 Rac8 26. g4 Bd7 27. Re2 f5 28. gxf5 Bxf5 29. Rce1 Bxe4 30. Rxe4 Bd4+ 31. Kg2 Rxe4 32. Rxe4 Rxc4 33. Bd1 Rb4 34. Kf3 Bc5 35. Rxb4 Bxb4 36. a4 Kf7 37. Ke4 Kf6 38. Be2 Kg5 39. Bg4 h5 40. Bd7 Kh4 41. Kf3 Bc5 42. Bc8 g5 43. Bd7 a6 44. Kg2 g4 45. hxg4 hxg4 46. Bc6 Bd4 47. Bd7 Kg5 48. Bc6 Kf4 49. Bd7 g3 50. Bc6 Bf2 51. Bd7 Ke4 52. Bc6 Kd4 53. a5 bxa5 0-1

[Event "Quebec Montcalm 3 2007-08"]
[Site "Quebec"]
[Date "2007.11.15"]
[Round "1"]
[White "Fortier, Bertrand"]
[Black "Caron, Sebastien"]
[Result "1-0"]
[WhiteElo "1583"]
[BlackElo "2008"]
[PlyCount "86"]
[EventDate "2007.11.15"]
[EventType "swiss"]
[EventRounds "5"]
[EventCountry "CAN"]
[SourceTitle "EXT 2022"]
[Source "ChessBase"]
[SourceDate "2021.10.06"]
[SourceVersion "1"]
[SourceVersionDate "2021.10.06"]
[SourceQuality "1"]

1. e4 c5 2. Nf3 d6 3. d4 cxd4 4. Nxd4 Nf6 5. Nc3 a6 6. f3 e5 7. Nb3 Be6 8. Bg5 Nbd7 9. Be2 Be7 10. 0-0 Nb6 11. f4 h6 12. Bxf6 Bxf6 13. fxe5 Bxe5 14. Nd4 Bc4 15. b3 Bxe2 16. Ncxe2 Qh4 17. Ng3 g6 18. Nf3 Qe7 19. Nxe5 dxe5 20. c4 Qc5+ 21. Kh1 Rd8 22. Qf3 0-0 23. Qg4 Kh7 24. Rf3 Qe7 25. Raf1 Rd4 26. Nf5 Qe6 27. Nxh6 Qxg4 28. Nxg4 f5 29. exf5 gxf5 30. Nxe5 Re4 31. Rh3+ Kg7 32. Nf3 Re2 33. Rg3+ Kf6 34. Nh4 Nd7 35. Kg1 Ke6 36. Ng6 Rxa2 37. Nxf8+ Nxf8 38. Rg7 b5 39. cxb5 axb5 40. Rb7 Ke5 41. Rxb5+ Ke4 42. Rbxf5 Ne6 43. g4 Rb2 1-0

[Event "Quebec Girard Memorial"]
[Site "Quebec"]
[Date "2007.09.02"]
[Round "1"]
[White "Lessard, Claude"]
[Black "Fortier, Bertrand"]
[Result "1-0"]
[WhiteElo "1981"]
[BlackElo "1596"]
[PlyCount "41"]
[EventDate "2007.09.01"]
[EventType "swiss"]
[EventRounds "5"]
[EventCountry "CAN"]
[SourceTitle "EXT 2022"]
[Source "ChessBase"]
[SourceDate "2021.10.06"]
[SourceVersion "1"]
[SourceVersionDate "2021.10.06"]
[SourceQuality "1"]

1. e4 c6 2. d4 d5 3. exd5 cxd5 4. c4 Nf6 5. Nc3 e6 6. Nf3 Be7 7. c5 0-0 8. Bf4 Nc6 9. a3 a6 10. Bd3 g6 11. h3 Nh5 12. Bh2 Ng7 13. 0-0 Re8 14. Na4 Bf6 15. Nb6 Ra7 16. Bc2 Be7 17. Ne5 Nxe5 18. Bxe5 Bd7 19. Nxd7 Qxd7 20. Ba4 Qc8 21. Bxe8 1-0

[Event "Charlesbourg Festival 1"]
[Site "Charlesbourg"]
[Date "2007.06.18"]
[Round "1"]
[White "Fortier, Bertrand"]
[Black "Plante, Rejean"]
[Result "0-1"]
[WhiteElo "1590"]
[BlackElo "2077"]
[PlyCount "58"]
[EventDate "2007.06.18"]
[EventType "swiss"]
[EventRounds "5"]
[EventCountry "CAN"]
[SourceTitle "EXT 2022"]
[Source "ChessBase"]
[SourceDate "2021.10.06"]
[SourceVersion "1"]
[SourceVersionDate "2021.10.06"]
[SourceQuality "1"]

1. Nf3 c5 2. g3 d5 3. Bg2 Nc6 4. d4 g6 5. c3 Qb6 6. 0-0 Bg7 7. dxc5 Qxc5 8. Nbd2 Nf6 9. Nb3 Qd6 10. Nbd4 e5 11. Nc2 0-0 12. b4 Re8 13. Bb2 e4 14. Nfd4 Ne5 15. Nb5 Qd7 16. Nba3 h5 17. h4 a6 18. Qd2 Qc7 19. Ne3 Be6 20. Rac1 Rad8 21. Nac2 Kh7 22. Nd4 Bh6 23. Nxe6 Rxe6 24. Rc2 Nc4 25. Qd4 Nxe3 26. fxe3 Ng4 27. Rf4 f5 28. Rxg4 hxg4 29. c4 Qxg3 0-1

[Event "Quebec Montcalm op 4th"]
[Site "Quebec"]
[Date "2007.02.01"]
[Round "4"]
[White "Cummins, Paul"]
[Black "Fortier, Bertrand"]
[Result "1-0"]
[WhiteElo "1673"]
[BlackElo "1662"]
[PlyCount "53"]
[EventDate "2007.01.11"]
[EventType "tourn"]
[EventRounds "5"]
[EventCountry "CAN"]
[SourceTitle "EXT 2008"]
[Source "ChessBase"]
[SourceDate "2007.11.25"]
[SourceVersion "1"]
[SourceVersionDate "2007.11.25"]
[SourceQuality "1"]

1. e4 c5 2. Nf3 Nc6 3. d4 cxd4 4. Nxd4 g6 5. Be3 Bg7 6. c3 Nf6 7. Bd3 0-0 8. h3 Ne5 9. f4 Nxd3+ 10. Qxd3 d5 11. e5 Ne4 12. g4 e6 13. Nf3 f6 14. Nbd2 Nxd2 15. Qxd2 b6 16. 0-0-0 Bb7 17. Bd4 b5 18. g5 fxe5 19. Nxe5 Rf5 20. Ng4 Qf8 21. Bxg7 Kxg7 22. Qd4+ e5 23. fxe5 Rf4 24. Qd2 d4 25. Nf6 Rf5 26. Rhe1 dxc3 27. Qd7+ 1-0

[Event "Quebec Montcalm op 4th"]
[Site "Quebec"]
[Date "2007.01.18"]
[Round "2"]
[White "Sarra Bournet, Marc"]
[Black "Fortier, Bertrand"]
[Result "0-1"]
[WhiteElo "1759"]
[BlackElo "1662"]
[PlyCount "40"]
[EventDate "2007.01.11"]
[EventType "tourn"]
[EventRounds "5"]
[EventCountry "CAN"]
[SourceTitle "EXT 2008"]
[Source "ChessBase"]
[SourceDate "2007.11.25"]
[SourceVersion "1"]
[SourceVersionDate "2007.11.25"]
[SourceQuality "1"]

1. e4 c5 2. Nc3 Nc6 3. f4 g6 4. Nf3 d6 5. Bc4 e6 6. f5 exf5 7. d3 Be6 8. Nd5 fxe4 9. dxe4 Bg7 10. c3 Qd7 11. Qd2 Bxd5 12. Bxd5 Ne5 13. Qe3 Rd8 14. b4 cxb4 15. Bb2 b5 16. Kf1 Rc8 17. g4 f6 18. Kg2 f5 19. gxf5 h5 20. Kg3 h4+ 0-1

[Event "Quebec Montcalm op 3rd"]
[Site "Quebec"]
[Date "2004.12.16"]
[Round "5"]
[White "Perreault, Jacquelin"]
[Black "Fortier, Bertrand"]
[Result "1-0"]
[WhiteElo "1747"]
[BlackElo "1621"]
[PlyCount "57"]
[EventDate "2004.11.18"]
[EventType "swiss"]
[EventRounds "5"]
[EventCountry "CAN"]
[SourceTitle "EXT 2006"]
[Source "ChessBase"]
[SourceDate "2005.11.24"]
[SourceVersion "1"]
[SourceVersionDate "2005.11.24"]
[SourceQuality "1"]

1. e4 e6 2. d4 d5 3. Nd2 Nf6 4. e5 Nfd7 5. Bd3 c5 6. c3 Nc6 7. Ne2 Be7 8. 0-0 0-0 9. Nf3 Re8 10. Re1 f6 11. Nf4 Nf8 12. exf6 Bxf6 13. Nh5 Be7 14. Ne5 cxd4 15. cxd4 Bf6 16. Qg4 Qe7 17. Nxf6+ Qxf6 18. Bg5 Nxe5 19. dxe5 Qf7 20. Re3 Nd7 21. Bxh7+ Kxh7 22. Rh3+ Kg8 23. Qh4 Qg6 24. Qh8+ Kf7 25. Rf3+ Nf6 26. Qh4 Kg8 27. exf6 Rf8 28. fxg7 Rxf3 29. Qh8+ 1-0

[Event "Quebec Montcalm op 3rd"]
[Site "Quebec"]
[Date "2004.12.09"]
[Round "4"]
[White "Lessard, Claude"]
[Black "Fortier, Bertrand"]
[Result "1-0"]
[WhiteElo "1948"]
[BlackElo "1621"]
[PlyCount "87"]
[EventDate "2004.11.18"]
[EventType "swiss"]
[EventRounds "5"]
[EventCountry "CAN"]
[SourceTitle "EXT 2006"]
[Source "ChessBase"]
[SourceDate "2005.11.24"]
[SourceVersion "1"]
[SourceVersionDate "2005.11.24"]
[SourceQuality "1"]

1. d4 d5 2. c4 e6 3. Nf3 Nf6 4. Nc3 Be7 5. Bf4 c6 6. e3 0-0 7. Bd3 dxc4 8. Bxc4 Nd5 9. Bxb8 Rxb8 10. 0-0 b5 11. Bd3 a6 12. Rc1 Bb7 13. Ne4 Rc8 14. Nc5 Bxc5 15. Rxc5 Nf6 16. Ne5 Nd7 17. Nxd7 Qxd7 18. Qc2 g6 19. Be4 Rc7 20. Rc1 Rfc8 21. h4 Qe7 22. g3 Kg7 23. b4 h6 24. a4 bxa4 25. Qxa4 g5 26. hxg5 hxg5 27. Qa1 Qf6 28. Qa5 g4 29. Rg5+ Kf8 30. Rxg4 Qe7 31. Rh4 Ke8 32. Qc5 Kd7 33. Qxe7+ Kxe7 34. Rc5 Kd6 35. Ra5 Ra8 36. Rh7 Rb8 37. Bd3 Bc8 38. Bxa6 Bxa6 39. Rxa6 Rxb4 40. Ra8 Rb1+ 41. Kg2 Rcb7 42. Rf8 R7b2 43. Rhxf7 Re1 44. Rd8# 1-0